Detalles MARC
| 000 -LEADER |
| campo de control de longitud fija |
06682cam a2200733Ii 4500 |
| 003 - IDENTIFICADOR DE NÚMERO DE CONTROL |
| campo de control |
PE-LiUPU |
| 005 - FECHA Y HORA DE LA ÚLTIMA TRANSACCIÓN |
| campo de control |
20250731184509.0 |
| 008 - DATOS DE LONGITUD FIJA--INFORMACIÓN GENERAL |
| campo de control de longitud fija |
140609m20142015mnua rb 001 0 eng d |
| 020 ## - NÚMERO INTERNACIONAL ESTÁNDAR DEL LIBRO |
| Número Internacional Estándar del Libro |
1451466749 |
| Información calificativa |
(volumen 1 ; |
| -- |
pbk. ; |
| -- |
alk. paper) |
| 020 ## - NÚMERO INTERNACIONAL ESTÁNDAR DEL LIBRO |
| Número Internacional Estándar del Libro |
1451467427 |
| Información calificativa |
(volumen 2 ; |
| -- |
pbk. ; |
| -- |
alk. paper) |
| 020 ## - NÚMERO INTERNACIONAL ESTÁNDAR DEL LIBRO |
| Número Internacional Estándar del Libro |
1506405126 |
| 020 ## - NÚMERO INTERNACIONAL ESTÁNDAR DEL LIBRO |
| Número Internacional Estándar del Libro |
9781451466744 |
| Información calificativa |
(volumen 1 ; |
| -- |
pbk. ; |
| -- |
alk. paper) |
| 020 ## - NÚMERO INTERNACIONAL ESTÁNDAR DEL LIBRO |
| Número Internacional Estándar del Libro |
9781451467420 |
| Información calificativa |
(volumen 2 ; |
| -- |
pbk. ; |
| -- |
alk. paper) |
| 020 ## - NÚMERO INTERNACIONAL ESTÁNDAR DEL LIBRO |
| Número Internacional Estándar del Libro |
9781506405124 |
| 035 ## - NÚMERO DE CONTROL DEL SISTEMA |
| Número de control de sistema |
(Sirsi) i9781451466744 |
| 040 ## - FUENTE DE CATALOGACIÓN |
| Centro catalogador/agencia de origen |
YDXCP |
| Lengua de catalogación |
spa |
| Normas de descripción |
rda |
| Centro/agencia transcriptor |
YDXCP |
| Centro/agencia modificador |
OCLCQ |
| -- |
BDX |
| -- |
OCLCQ |
| -- |
BTCTA |
| -- |
VPI |
| -- |
CDX |
| -- |
OCLCQ |
| -- |
CUV |
| -- |
OCLCF |
| -- |
CHVBK |
| -- |
LNT |
| -- |
MHB |
| -- |
PBU |
| -- |
CUS |
| -- |
DTM |
| -- |
LNT |
| -- |
OCLCQ |
| -- |
PE-LiUPU |
| 049 ## - FONDOS LOCALES (OCLC) |
| Biblioteca depositaria |
PRUA |
| 082 04 - NÚMERO DE LA CLASIFICACIÓN DECIMAL DEWEY |
| Número de clasificación |
933.05092 |
| Cutter |
G1 |
| Número de edición |
20 |
| 245 00 - MENCIÓN DEL TÍTULO |
| Título |
Galilee in the late Second Temple and Mishnaic periods / |
| Mención de responsabilidad, etc. |
David A. Fiensy and James Riley Strange, editors. |
| 246 13 - FORMA VARIANTE DEL TITULO |
| Título propio/Titulo breve |
Life, culture, and society |
| 246 13 - FORMA VARIANTE DEL TITULO |
| Título propio/Titulo breve |
The archaeological record from cities, tows, and villages |
| 264 #1 - PRODUCCIÓN, PUBLICACIÓN, DISTRIBUCIÓN, FABRICACIÓN Y COPYRIGHT |
| Producción, publicación, distribución, fabricación y copyright |
Minneapolis : |
| Nombre del de productor, editor, distribuidor, fabricante |
Fortress, |
| Fecha de producción, publicación, distribución, fabricación o copyright |
[2014-2015] |
| 264 #4 - PRODUCCIÓN, PUBLICACIÓN, DISTRIBUCIÓN, FABRICACIÓN Y COPYRIGHT |
| Fecha de producción, publicación, distribución, fabricación o copyright |
©2014-©2015 |
| 300 ## - DESCRIPCIÓN FÍSICA |
| Extensión |
2 volumes : |
| Otras características físicas |
ilustraciones, mapas ; |
| Dimensiones |
23 centímetros. |
| 336 ## - TIPO DE CONTENIDO |
| Término de tipo de contenido |
text |
| Fuente |
rdacontent |
| 337 ## - TIPO DE MEDIO |
| Nombre/término del tipo de medio |
unmediated |
| Fuente |
rdamedia |
| 338 ## - TIPO DE SOPORTE |
| Nombre/término del tipo de soporte |
volume |
| Fuente |
rdacarrier |
| 504 ## - NOTA DE BIBLIOGRAFÍA, ETC. |
| Nota de bibliografía, etc. |
Bibliografía : páginas 384-387 (tomo 2). |
| 504 ## - NOTA DE BIBLIOGRAFÍA, ETC. |
| Nota de bibliografía, etc. |
Bibliografía : páginas 438-441 (tomo 1). |
| 504 ## - NOTA DE BIBLIOGRAFÍA, ETC. |
| Nota de bibliografía, etc. |
Indices : páginas 395-411 (tomo 2). |
| 504 ## - NOTA DE BIBLIOGRAFÍA, ETC. |
| Nota de bibliografía, etc. |
Indices : páginas 445-467 (tomo 1). |
| 505 0# - NOTA DE CONTENIDO CON FORMATO |
| Información miscelánea |
Tomo 2. |
| Título |
The archaeological record from cities, towns, and villages. The transformation from Galil Ha-Goyim to Jewish Galilee: the archaeological testimony of an ethnic change / Mordechai Aviam -- Sepphoris. The jewel of the Galilee / James F. Strange -- Residential area of the western summit / Eric M. Meyers, Carol L. Meyers, and Benjamin D. Gordon -- From Galilean town to Roman city, 100 BCE-200 CE / Zeev Weiss -- The Sepphoris aqueducts / James F. Strange -- Kefar Shikhin / James Riley Strange -- Yodefat-Jotapata: a Jewish Galilean town at the end of the Second Temple period / Mordechai Aviam -- Khirbet Qana / C. Thomas McCollough -- Karm er-Ras near Kafr Kanna / Yardenna Alexandre -- Kafr Kanna (the Franciscan church) / F. Massimo Luca, OFM -- Nazareth / James F. Strange -- Kefar Ḥananya / David Adan-Bayewitz -- Tiberias, from its foundation to the end of the early Islamic period / Katia Cytryn-Silverman -- Hamath Tiberias / Carl E. Savage -- Capernaum, village of Naḥum, from Hellenistic to Byzantine times / Sharon Lea Mattila -- Bethsaida / Rami Arav and Carl E. Savage -- Magdala/Taricgheae / Stefano De Luca and Anna Lena -- Khirbet Wadi Ḥamam in the early and middle Roman periods / Uzi Leibner -- Ḥuqoq in the late Hellenistic and early Roman periods / Matthew J. Grey and Chad S. Spigel -- Meiron in Upper Galilee / Eric M. Meyers and Carol L. Meyers -- Gush Ḥalav / James F. Strange -- Nabratein: synagogue and environs / Eric M. Meyers and Carol L. Meyers -- The ancient synagogue and village at Khirbet Shemaʻ / Eric M. Meyers -- Kedesh of the Upper Galilee / Andrea M. Berlin and Sharon C. Herbert. |
| 505 0# - NOTA DE CONTENIDO CON FORMATO |
| Información miscelánea |
Volumen 1. |
| Título |
Life, culture, and society. Galilee and the historical Jesus in recent research / Roland Deines -- The political history in Galilee from the first century BCE to the end of the second century CE / Morten Hørning Jensen -- Religious practices and religious movements in Galilee: 100 BCE-200 CE / Roland Deines -- The ethnicities of Galileans / Mark A. Chancey -- The synagogues of Galilee / Lee I. Levine -- Notable Galilean persons / Thomas Scott Caulley -- Social movements in Galilee / Richard Horsley -- The Galilean village in the late Second Temple and Mishnaic periods / David A. Fiensy -- Household Judaism / Andrea M. Berlin -- The Galilean house in the late Second Temple and Mishnaic periods / David A. Fiensy -- Mortality, morbidity, and economics in Jesus' Galilee / Jonathan L. Reed -- Education/literacy in Jewish Galilee: was there any and at what level? / John C. Poirier -- The Galilean road system / James F. Strange -- Urbanization and industry in Mishnaic Galilee / Ze'ev Safrai -- Never the two shall meet?: urban-rural interaction in lower Galilee / Agnes Choi -- Inner village life in Galilee: a diverse and complex phenomenon / Sharon Lea Matilla -- Debate: was the Galilean economy oppressive or prosperous? Late Second Temple Galilee: socio-archaeology and dimensions of exploitation in first-century Palestine / Douglas E. Oakman -- Late Second Temple Galilee: a picture of relative economic health / J. Andrew Overman -- Taxation and other sources of government income in the Galilee of Herod and Antipas / Fabian Udoh. |
| 526 ## - NOTA DE INFORMACIÓN SOBRE EL PROGRAMA DE ESTUDIO |
| Nombre del programa |
Doctorado En Educación Con Mención En Currículo Y Docencia (A Distancia) |
| 526 ## - NOTA DE INFORMACIÓN SOBRE EL PROGRAMA DE ESTUDIO |
| Nombre del programa |
Doctorado En Educación Con Mención En Currículo Y Docencia (Semipresencial) |
| 526 ## - NOTA DE INFORMACIÓN SOBRE EL PROGRAMA DE ESTUDIO |
| Nombre del programa |
Doctorado En Educación Con Mención En Gestión Educativa (A Distancia) |
| 526 ## - NOTA DE INFORMACIÓN SOBRE EL PROGRAMA DE ESTUDIO |
| Nombre del programa |
Doctorado En Educación Con Mención En Gestión Educativa (Semipresencial) |
| 526 ## - NOTA DE INFORMACIÓN SOBRE EL PROGRAMA DE ESTUDIO |
| Nombre del programa |
Derecho semipresencial |
| 526 ## - NOTA DE INFORMACIÓN SOBRE EL PROGRAMA DE ESTUDIO |
| Nombre del programa |
Derecho presencial |
| 526 ## - NOTA DE INFORMACIÓN SOBRE EL PROGRAMA DE ESTUDIO |
| Nombre del programa |
Maestría en teología histórica |
| 526 ## - NOTA DE INFORMACIÓN SOBRE EL PROGRAMA DE ESTUDIO |
| Nombre del programa |
Teología |
| 526 ## - NOTA DE INFORMACIÓN SOBRE EL PROGRAMA DE ESTUDIO |
| Nombre del programa |
Educación primaria |
| 526 ## - NOTA DE INFORMACIÓN SOBRE EL PROGRAMA DE ESTUDIO |
| Nombre del programa |
Educación secundaria, especialidad lingüística e inglés |
| 526 ## - NOTA DE INFORMACIÓN SOBRE EL PROGRAMA DE ESTUDIO |
| Nombre del programa |
Educación secundaria, especialidad ambiental, biología y química |
| 526 ## - NOTA DE INFORMACIÓN SOBRE EL PROGRAMA DE ESTUDIO |
| Nombre del programa |
Arquitectura |
| 596 ## - |
| -- |
1 |
| 650 14 - PUNTO DE ACCESO ADICIONAL DE MATERIA--TÉRMINO DE MATERIA |
| Término de materia o nombre geográfico como elemento de entrada |
Excavaciones (Arqueología) |
| Subdivisión geográfica |
Israel |
| -- |
Galilee. |
| 651 #4 - PUNTO DE ACCESO ADICIONAL DE MATERIA--NOMBRE GEOGRÁFICO |
| Nombre geográfico |
Galilea (Israel) |
| Subdivisión general |
Antigüedades. |
| 651 #4 - PUNTO DE ACCESO ADICIONAL DE MATERIA--NOMBRE GEOGRÁFICO |
| Nombre geográfico |
Galilea (Israel) |
| Subdivisión general |
Historia. |
| 651 #4 - PUNTO DE ACCESO ADICIONAL DE MATERIA--NOMBRE GEOGRÁFICO |
| Nombre geográfico |
Galilea (Israel) |
| Subdivisión general |
Vida social y costumbres. |
| 700 1# - ENTRADA AGREGADA--NOMBRE PERSONAL |
| Nombre de persona |
Fiensy, David A., |
| Término indicativo de función/relación |
editor. |
| 700 1# - ENTRADA AGREGADA--NOMBRE PERSONAL |
| Nombre de persona |
Strange, James Riley, |
| Término indicativo de función/relación |
editor. |
| 910 ## - DATOS DE OPCIÓN DEL USUARIO (OCLC) |
| -- |
ck |
| -- |
hop |
| -- |
hop |
| -- |
20160602 |
| 942 ## - ELEMENTOS DE ENTRADA SECUNDARIOS (KOHA) |
| Fuente del sistema de clasificación o colocación |
Clasificación Decimal Dewey |
| Tipo de ítem Koha |
|
| 949 ## - PROCESAMIENTO DE INFORMACIÓN LOCAL (OCLC) |
| a |
933.05092 G1 1 |
| w |
DEWEY |
| c |
1 |
| i |
73245 |
| l |
CCODEBUL1 |
| m |
BUL |
| p |
84.00 |
| r |
0 |
| s |
Y |
| t |
BOOK |
| u |
2016-5-30 |
| x |
TEOLOGIA |
| -- |
P85 |
| 0 |
COMPRA |
| o |
.CIRCNOTE. El documento es de alto precio. |
| -- |
.STAFF. Posgrado |
| 949 ## - PROCESAMIENTO DE INFORMACIÓN LOCAL (OCLC) |
| a |
933.05092 G1 2 |
| w |
DEWEY |
| c |
2 |
| i |
73246 |
| d |
2016-9-22 |
| e |
2016-9-22 |
| l |
CCODEBUL1 |
| m |
BUL |
| n |
4 |
| p |
84.00 |
| r |
0 |
| s |
Y |
| t |
BOOK |
| u |
2016-5-30 |
| x |
TEOLOGIA |
| -- |
P85 |
| 0 |
COMPRA |
| o |
.CIRCNOTE. El documento es de alto precio. |
| -- |
.STAFF. Posgrado |
| 994 ## - |
| -- |
C0 |
| -- |
PEPRU |
| 999 ## - NÚMEROS DE CONTROL DE SISTEMA (KOHA) |
| -- |
DEWEY |
| -- |
73245 |
| -- |
2021-11-11 |
| -- |
5 |
| -- |
CCODEBUL1 |
| -- |
BUL |
| -- |
84.00 |
| -- |
1 |
| -- |
0 |
| -- |
Y |
| -- |
BOOK |
| -- |
2016-5-30 |
| -- |
TEOLOGIA |
| -- |
P85 |
| -- |
COMPRA |
| -- |
.CIRCNOTE. El documento es de alto precio. |
| -- |
.STAFF. Posgrado |
| 999 ## - NÚMEROS DE CONTROL DE SISTEMA (KOHA) |
| -- |
DEWEY |
| -- |
77617 |
| -- |
2021-11-11 |
| -- |
4 |
| -- |
CCODEBUL1 |
| -- |
BUL |
| -- |
37.99 |
| -- |
0 |
| -- |
Y |
| -- |
BOOK |
| -- |
2017-12-14 |
| -- |
TEOLOGIA |
| -- |
P85 |
| -- |
COMPRA |
| -- |
.STAFF. Colección Teología |
| 999 ## - NÚMEROS DE CONTROL DE SISTEMA (KOHA) |
| -- |
DEWEY |
| -- |
73246 |
| -- |
2016-9-22 |
| -- |
2021-11-11 |
| -- |
4 |
| -- |
CCODEBUL1 |
| -- |
BUL |
| -- |
4 |
| -- |
84.00 |
| -- |
0 |
| -- |
Y |
| -- |
BOOK |
| -- |
2016-5-30 |
| -- |
TEOLOGIA |
| -- |
P85 |
| -- |
COMPRA |
| -- |
.CIRCNOTE. El documento es de alto precio. |
| -- |
.STAFF. Colección Teología |
| 999 ## - NÚMEROS DE CONTROL DE SISTEMA (KOHA) |
| -- |
DEWEY |
| -- |
77618 |
| -- |
2021-11-11 |
| -- |
4 |
| -- |
CCODEBUL1 |
| -- |
BUL |
| -- |
37.99 |
| -- |
1 |
| -- |
0 |
| -- |
Y |
| -- |
BOOK |
| -- |
2017-12-14 |
| -- |
TEOLOGIA |
| -- |
P85 |
| -- |
COMPRA |
| -- |
.STAFF. Colección Teología |
| 980 ## - EQUIVALENCIA O REFERENCIA-CRUZADA-MENCIÓN DE SERIE--NOMBRE DE PERSONA/TÍTULO [LOCAL, CANADÁ] |
| ID del último usuario que modificó el registro |
1 |
| Nombre del último usuario que modificó el registro |
ALBERTO SANCHEZ Responsable de Automatización |